Statistics for How to Train Your Dragon Quiz

Click here to take the quiz!

General Stats

  • This quiz has been taken 202 times
    (191 since last reset)
  • The average score is 13 of 19

Answer Stats

HintAnswer% Correct
Hiccup's dragons nameToothless
99%
Astrid's dragons nameStormfly
97%
What is the name of the bad guy in the 2nd movie?Drago Bludvist
94%
Name of first movieHow to Train Your Dragon
89%
Fishleg's dragons nameMeatlug
89%
Snotlout's dragons nameHookfang
87%
Ruffnut and Tuffnut's dragons nameBarf and Belch
86%
Stoick's second dragons nameSkullcrusher
86%
Name of third movieHow to Train Your Dragon The Hidden World
81%
Name of second movieHow to Train Your Dragon 2
79%
Gustav's dragons nameFanghook
74%
Name of person who now has SkullcrusherEret son of Eret
72%
What is the name of the dragon Hiccup and Toothless defeat in the first movie?Red Death
68%
What is the name of seasons 3-6? (Netflix)Race to the Edge
61%
Stoick's first dragons nameThornado
52%
Name of the bad guy in the 3rd movie?Grimmel the Grisly
50%
What is the name of the second season?Defenders of Berk
42%
What is the name of the dragons that guy controls?Deathgrippers
33%
What is the name of the first season?Rise of Berk
7%

Score Distribution

Percentile by Number Answered

Percent of People with Each Score

Your Score History

You have not taken this quiz since the last reset